Govt. of
Madhya Pradesh

Lushai Customs And Ceremonies (Record no. 6219)

MARC details
000 -LEADER
fixed length control field 004160000a22001690004500
003 - CONTROL NUMBER IDENTIFIER
control field MACL
005 - DATE AND TIME OF LATEST TRANSACTION
control field 20150802115020.0
008 - FIXED-LENGTH DATA ELEMENTS--GENERAL INFORMATION
fixed length control field 150802b xxu||||| |||| 00| 0 eng d
040 ## - CATALOGING SOURCE
Original cataloging agency MACL
Transcribing agency MACL
041 ## - LANGUAGE CODE
Language code of text/sound track or separate title English
082 ## - DEWEY DECIMAL CLASSIFICATION NUMBER
Classification number 390/DEV
100 ## - MAIN ENTRY--PERSONAL NAME
Personal name Dev, Bimal J.
9 (RLIN) 4266
245 ## - TITLE STATEMENT
Title Lushai Customs And Ceremonies
260 ## - PUBLICATION, DISTRIBUTION, ETC. (IMPRINT)
Name of publisher, distributor, etc. Mittal Publication
Date of publication, distribution, etc. 1983
Place of publication, distribution, etc. Delhi
650 ## - SUBJECT ADDED ENTRY--TOPICAL TERM
Topical term or geographic name as entry element Customs
9 (RLIN) 4260
942 ## - ADDED ENTRY ELEMENTS (KOHA)
Koha item type Books
Call number prefix 390
Source of classification or shelving scheme
Holdings
Withdrawn status Lost status Source of classification or shelving scheme Damaged status Not for loan Home library Current library Date acquired Total Checkouts Full call number Barcode Date last seen Uniform Resource Identifier Price effective from Koha item type
          MACL MACL 15/04/2015   390/DEV CRE003555 02/05/2024 6160 15/04/2015 Books